000 00647nam a2200217Ia 4500
005 20260429111939.0
008 260429s9999||||xx |||||||||||||| ||und||
020 _a9789354791826
041 _aEnglish
082 _a158
_bGRU
100 _aGruman, Jamie A.
245 0 _aApplied social psychology :
_bunderstanding and addressing social and practical problems /
_cJamie A. Gruman
250 _a3rd ed.
260 _aNew Delhi :
_bSage Publications,
_c2017.
300 _axii, 508 p.; pbk
650 _a Social psychology
650 _aApplied psychology
700 _a Coutts, Larry M.
700 _a Schneider, Frank W.
942 _cTB
999 _c51565
_d51565